Normal view
MARC view
- Gil de Fainschtein, Natalia
Entry Nombre Personal
001 - NUMERO DE CONTROL
- campo de control: 37158
003 - IDENTIFICADOR DE NUMERO DE CONTROL
- campo de control: UPN
005 - FECHA Y HORA DE LA ÜLTIMA TRANSACCIÓN
- campo de control: 20210219194522.0
008 - DATOS DE LONGITUD FIJA
- campo de control de longitud fija: nabaccnnaabn|||||||||| b |nc|||||d
035 ## - NUMERO DE CONTROL
- Número de control: UPN11000009265
040 ## - FUENTE DE CATALOGACIÓN
- Lenguaje de catalogación: SPA
- Agencia de transcripción: UPN
100 1# - ENCABEZAMIENTO - NOMBRE PERSONAL
- Nombre personal: Gil de Fainschtein, Natalia
670 ## - FUENTE EN LA QUE SE LOCALIZARON DATOS
- Cita de la fuente: T
- Información localizada: ¿Cómo planificar proyectos creativos en el aula y en la institución?
680 ## - NOTA PUBLICA DE ACCESO PÚBLICO
- Frase explicativa de la referencia: Licenciada y profesora en Ciencias de la Educación, maestra especilizada en Educacion de Adultos y profesora de Actividades Prácticas
902 ## - CATALOGADOR
- Catalogador: MCM/080615
